| 000 | 00821nas a2200241 4500 | ||
|---|---|---|---|
| 001 | BR8704887 | ||
| 003 | BR-BrBNA | ||
| 005 | 20231205090727.0 | ||
| 007 | ta | ||
| 008 | 230509b bl.|||p| |||| 00| 00por d | ||
| 040 |
_aBR-BrBNA _bpor _cBiblioteca Nacional de Agricultura |
||
| 041 | _a(Pt) | ||
| 072 | _aF06; N20 | ||
| 110 | 1 |
_aAssociacao Brasileira de Irrigacao e Drenagem, Brasilia, DF (Brasil) _9308 |
|
| 245 | 1 | _aRuralminas esta produzindo know how para as varzeas | |
| 246 | 1 | _a[Ruralminas is producing know how for the lowlands] | |
| 650 | _aIRRIGACAO | ||
| 650 | _aMAQUINA AGRICOLA | ||
| 650 | _aIMPLEMENTO AGRICOLA | ||
| 773 | 0 |
_tITEM. Irrigacao e Tecnologia Moderna (Brazil) _xISSN 0102-115X _g(Mar 1986), no. 24 p. 10-11 _wBR8704887 |
|
| 909 |
_a202311 _bLúcia _c55 _dLúcia Elande |
||
| 942 |
_2AGRIS _n0 _cANA |
||
| 999 |
_c120494 _d120494 |
||